Cómo hablan las mujeres /

Bibliographic Details
Main Author: García Mouton, Pilar (Author)
Format: Electronic eBook
Language:Spanish
Published: Madrid : Arco/Libros, S. L., [2021]
Series:Cuadernos de lengua española ; 66.
Subjects:
Online Access:Digitalia Hispánica

MARC

LEADER 00000nam a2200000Ii 4500
001 DIGARCOL0020
003 NyNyDIG
006 m o d
007 cr |||||||||||
008 241001s2021 sp ob 000 0 spa d
035 |a (OCoLC)1458531564 
040 |a DGITA  |b eng  |e rda  |e pn  |c DGITA 
020 |z 9788476353998 
050 1 4 |a P120.W66 ebook 
100 1 |a García Mouton, Pilar,  |e author. 
245 1 0 |a Cómo hablan las mujeres /  |c Pilar García Mouton. 
264 1 |a Madrid :  |b Arco/Libros, S. L.,  |c [2021] 
300 |a 1 online resource. 
336 |a text  |b txt  |2 rdacontent 
337 |a computer  |b c  |2 rdamedia 
338 |a online resource  |b cr  |2 rdacarrier 
347 |a text file  |2 rdaft 
347 |b PDF 
490 1 |a Cuadernos de lengua española ;  |v 66 
504 |a Includes bibliographical references. 
588 0 |a Online resource; title from PDF title page (Digitalia, viewed October 1, 2024) 
650 0 |a Women  |x Language. 
791 2 |a Digitalia (Firm),  |e distributor. 
793 0 |g Digitalia eBook Collection:  |a Arco/Libros 
776 0 8 |i Print version:  |a García Mouton, Pilar.  |t Cómo hablan las mujeres.  |b 3a edición.  |d Madrid : Arco/Libros, S. L., [2021]  |z 9788476353998 
830 0 |a Cuadernos de lengua española ;  |v 66.  
856 4 0 |3 Digitalia Hispánica  |u https://www.digitaliapublishing.com/a/137521/ 
910 |a Premium collection: 2024